| 000 | 00957nam a22003015a 4500 | ||
|---|---|---|---|
| 008 | 161121t2015 xxua|||fr|||| 001 0 eng d | ||
| 020 | _a9781482243239 | ||
| 040 |
_aEG-ScBUE _beng _cEG-ScBUE |
||
| 082 | 0 | 4 |
_222 _a658.401 _bMAN |
| 100 | 1 | _aMann, David | |
| 245 | 1 | 0 |
_aCreating a lean culture : _btools to sustain lean conversions / _cDavid Mann |
| 250 | _a3rd ed. | ||
| 260 |
_aBoca Raton : _bCRC Press, Taylor & Francis Group, _c2015. |
||
| 300 |
_axxxi, 367 p. : _bill. ; _e25 cm. |
||
| 500 | _aIndex : p. 351-365. | ||
| 500 | _aGlossary : p. 335-347. | ||
| 500 | _aAppendix: p. 305-333. | ||
| 504 | _aBibliography : p. 349. | ||
| 590 | _aSuzan Ashmawy | ||
| 650 | 7 |
_2BUEsh _aOrganizational change |
|
| 650 | 7 |
_2BUEsh _aOrganizational effectiveness |
|
| 650 | 7 |
_2BUEsh _aCorporate culture |
|
| 650 | 7 |
_2BUEsh _aIndustrial efficiency |
|
| 650 | 7 |
_2BUEsh _aBusiness |
|
| 651 | _2BUEsh | ||
| 653 |
_bBUSECO _cNovember2016 |
||
| 942 | _2ddc | ||
| 999 |
_c23220 _d23192 |
||